[Event "8.HK 60 aars Jubilaeumsturnering 2003"]
[Site "Farum"]
[Date "2003.10.16"]
[Round "5"]
[White "Ulrich, Jesper"]
[Black "Christensen, Rene Baarup"]
[Result "1-0"]
[WhiteElo "2082"]
[BlackElo "2020"]
[PlyCount "55"]
[EventDate "2003.??.??"]

1. d4 Nf6 2. c4 c5 3. d5 b5 4. cxb5 a6 5. e3 Bb7 6. Nc3 g6 7. bxa6 Nxa6 8. Bc4
Bg7 9. Nge2 O-O 10. O-O d6 11. f4 Nd7 12. a3 Nb6 13. Bb3 Nc7 14. e4 f5 15. Bc2
e6 16. dxe6 fxe4 17. Nxe4 Bxe4 18. Bxe4 d5 19. Bc2 Nxe6 20. f5 Nd4 21. Nxd4
Bxd4+ 22. Kh1 Kg7 23. Qg4 Nc4 24. Bg5 Qc8 25. Qh4 Bxb2 26. fxg6 h5 27. Qxh5 Rh8
28. Bh6+ 1-0

[Event "8.HK 60 aars Jubilaeumsturnering 2003"]
[Site "Farum"]
[Date "2003.10.16"]
[Round "5"]
[White "Pallesen, Jacob"]
[Black "Larsen, Finn (1950)"]
[Result "1/2-1/2"]
[WhiteElo "2059"]
[BlackElo "1736"]
[PlyCount "102"]
[EventDate "2003.??.??"]

1. e4 e6 2. Nf3 d5 3. e5 c5 4. b4 cxb4 5. a3 Nc6 6. axb4 Bxb4 7. c3 Bf8 8. d4
Bd7 9. Bd3 g6 10. O-O Bg7 11. Na3 a6 12. Nc2 Nge7 13. Bg5 O-O 14. Ne3 f6 15.
exf6 Bxf6 16. h4 Nf5 17. Ng4 Bxg5 18. hxg5 Qc7 19. Nfe5 Nxe5 20. dxe5 Kg7 21.
Rc1 Bb5 22. Bxb5 axb5 23. Qd3 Ra4 24. f4 Rc4 25. Qh3 Rf7 26. Nf6 Kf8 27. g4
Qc5+ 28. Kh2 Ne3 29. Rf3 d4 30. Ra1 Ra4 31. Rxa4 bxa4 32. cxd4 Qc2+ 33. Kg3 Qc1
34. Rf2 Qg1+ 35. Kf3 Rc7 36. Qh6+ Rg7 37. Kxe3 Qe1+ 38. Kf3 Qd1+ 39. Kg2 Qxd4
40. Rc2 Qd8 41. Nxh7+ Kf7 42. Nf6 b5 43. Qh3 b4 44. Qf3 b3 45. Qb7+ Kf8 46.
Qb4+ Re7 47. Rd2 Qa8+ 48. Kg3 Kf7 49. Rh2 Qa7 50. Rh7+ Kf8 51. Ng8 Qe3+ 1/2-1/2

[Event "8.HK 60 aars Jubilaeumsturnering 2003"]
[Site "Farum"]
[Date "2003.10.16"]
[Round "5"]
[White "Skjoldager, Flemming"]
[Black "Olsen, Miriam Frida"]
[Result "1/2-1/2"]
[WhiteElo "2123"]
[BlackElo "1966"]
[PlyCount "43"]
[EventDate "2003.??.??"]

1. d4 Nf6 2. Nf3 e6 3. Bf4 b6 4. e3 Bb7 5. Nbd2 c5 6. Bd3 d5 7. c3 Be7 8. Bxb8
Qxb8 9. Bb5+ Kf8 10. Ne5 Qc7 11. O-O a6 12. Bd3 g6 13. Rc1 Bd6 14. f4 Kg7 15.
Qf3 Rhf8 16. g4 Ng8 17. Qg2 f6 18. Nef3 e5 19. fxe5 fxe5 20. e4 exd4 21. cxd4
dxe4 22. Bxe4 1/2-1/2

[Event "8.HK 60 aars Jubilaeumsturnering 2003"]
[Site "Farum"]
[Date "2003.10.16"]
[Round "5"]
[White "Stolberg Rohr, Thomine"]
[Black "Lilja, Richard"]
[Result "1-0"]
[WhiteElo "1844"]
[BlackElo "2115"]
[PlyCount "87"]
[EventDate "2003.??.??"]

1. e4 c5 2. Nc3 Nc6 3. f4 g6 4. Nf3 Bg7 5. Bb5 Nd4 6. Bd3 d6 7. Nxd4 cxd4 8.
Ne2 e6 9. O-O Bd7 10. c3 Qb6 11. Kh1 dxc3 12. dxc3 Nf6 13. h3 Bc6 14. Qc2 d5
15. e5 Ng8 16. Nd4 Ne7 17. Be3 Qc7 18. g4 h5 19. Kg2 a6 20. Rae1 Bd7 21. Qf2
hxg4 22. hxg4 Nc6 23. Nf3 b5 24. a3 Qb7 25. Rh1 O-O-O 26. Kg3 f6 27. exf6 Bxf6
28. Rxh8 Rxh8 29. Bxg6 e5 30. Bh5 e4 31. Nd4 Ne7 32. Rh1 Qc7 33. Qf1 Rg8 34.
Qd1 Kb7 35. Nb3 Nf5+ 36. Kf2 Nxe3 37. Kxe3 Qc4 38. Na5+ Ka7 39. Nxc4 bxc4 40.
Qxd5 Rd8 41. Qxc4 Bb5 42. Qc5+ Ka8 43. Kxe4 Re8+ 44. Bxe8 1-0

[Event "8.HK 60 aars Jubilaeumsturnering 2003"]
[Site "Farum"]
[Date "2003.10.16"]
[Round "5"]
[White "Auchenberg, Per"]
[Black "Moller, Arne Vagn"]
[Result "1-0"]
[WhiteElo "2098"]
[BlackElo "1945"]
[PlyCount "83"]
[EventDate "2003.??.??"]

1. f4 c5 2. Nf3 d6 3. e4 Nc6 4. Be2 Nf6 5. d3 e6 6. O-O Be7 7. Qe1 Qc7 8. c3
Bd7 9. Na3 a6 10. Kh1 O-O 11. Bd2 Ne8 12. b4 b6 13. Rb1 g6 14. Nc2 f5 15. Qg3
Ng7 16. Ng5 Bxg5 17. Qxg5 Qd8 18. Qh6 Rf7 19. bxc5 bxc5 20. Ne3 Ne7 21. Bf3 Bc6
22. c4 Kh8 23. Bc3 Ng8 24. Qh3 Nf6 25. exf5 gxf5 26. Bxc6 Raa7 27. Rb2 Qc7 28.
Bf3 d5 29. cxd5 exd5 30. Nxd5 Nxd5 31. Bxd5 Rf8 32. Qh6 Qd8 33. Bc4 Qe8 34.
Rfb1 Qg6 35. Qxg6 hxg6 36. Rb7 Rxb7 37. Rxb7 Re8 38. Bxg7+ Kh7 39. Bf6+ Kh6 40.
Bg5+ Kh5 41. Rh7+ Kg4 42. Rh4# 1-0

[Event "8.HK 60 aars Jubilaeumsturnering 2003"]
[Site "Farum"]
[Date "2003.10.16"]
[Round "5"]
[White "Hansen, Henrik Damgaard"]
[Black "Ohayv, Nikolaj"]
[Result "1-0"]
[WhiteElo "1703"]
[BlackElo "1967"]
[PlyCount "77"]
[EventDate "2003.??.??"]

1. e4 c5 2. c3 e6 3. d4 d5 4. exd5 exd5 5. Nf3 Nc6 6. Be2 Be6 7. Be3 c4 8. O-O
Nf6 9. h3 Bd6 10. b3 b5 11. a4 a6 12. b4 Ne4 13. Nfd2 f5 14. Nxe4 fxe4 15. Bg4
Bxg4 16. Qxg4 O-O 17. axb5 Ne7 18. Bg5 Qc8 19. Qxc8 Nxc8 20. Rxa6 Rb8 21. Na3
h6 22. Be3 Rf7 23. f3 Kh7 24. fxe4 Bh2+ 25. Kxh2 Rxf1 26. exd5 Nb6 27. d6 Nd5
28. Nxc4 Nxc3 29. b6 Nd5 30. d7 Nxb4 31. Ra7 Nd5 32. b7 Rff8 33. Bd2 Rfd8 34.
Ne5 Ne7 35. Ba5 Rg8 36. d8=Q Rgxd8 37. Bxd8 Rxd8 38. Ra8 Rxd4 39. b8=Q 1-0

[Event "8.HK 60 aars Jubilaeumsturnering 2003"]
[Site "Farum"]
[Date "2003.10.16"]
[Round "5"]
[White "Hansen, Alex Mehr"]
[Black "Sorensen, Reto Utiger"]
[Result "1-0"]
[WhiteElo "1771"]
[BlackElo "1918"]
[PlyCount "89"]
[EventDate "2003.??.??"]

1. e4 e6 2. d4 d5 3. exd5 exd5 4. c4 Nc6 5. Nc3 Bb4 6. a3 Bxc3+ 7. bxc3 Be6 8.
cxd5 Qxd5 9. Ne2 Qe4 10. f3 Qh4+ 11. g3 Qe7 12. Kf2 g5 13. h4 gxh4 14. Rxh4 Nf6
15. Nf4 O-O-O 16. Bb5 Bd7 17. Qa4 Rde8 18. Bd2 Rhg8 19. Rh6 Rg5 20. Re1 Qd6 21.
Rxe8+ Bxe8 22. Rxf6 Qxf6 23. d5 Ne5 24. Bxe8 Qb6+ 25. Qd4 Qxd4+ 26. cxd4 Nc4
27. Bc1 Nd6 28. Ba4 Nf5 29. Bc2 Nxg3 30. Bxh7 Nh1+ 31. Kf1 Ng3+ 32. Ke1 Nh5 33.
Nxh5 Rxh5 34. Be4 Rh2 35. Bf4 Ra2 36. d6 cxd6 37. Bxd6 Kd7 38. Bf8 Ke8 39. Bc5
b6 40. Bc6+ Kd8 41. Bd6 a5 42. f4 f6 43. a4 Rc2 44. d5 Ra2 45. Bf8 1-0

[Event "8.HK 60 aars Jubilaeumsturnering 2003"]
[Site "Farum"]
[Date "2003.10.16"]
[Round "5"]
[White "Larsen, Knud"]
[Black "Larsen, Alex"]
[Result "1-0"]
[WhiteElo "1830"]
[BlackElo "1234"]
[PlyCount "31"]
[EventDate "2003.??.??"]

1. e4 d5 2. exd5 Qxd5 3. Nc3 Qa5 4. Bc4 c6 5. d3 Bf5 6. Nge2 e5 7. Ng3 Bg6 8.
Qe2 Bd6 9. Bd2 Qc7 10. Nce4 Be7 11. Rf1 Nd7 12. f4 O-O-O 13. f5 Nc5 14. fxg6 f6
15. gxh7 Nxe4 16. hxg8=Q 1-0

[Event "8.HK 60 aars Jubilaeumsturnering 2003"]
[Site "Farum"]
[Date "2003.10.16"]
[Round "5"]
[White "Edoo, Niels"]
[Black "Hein, Jacob"]
[Result "1-0"]
[WhiteElo "1977"]
[BlackElo "1338"]
[PlyCount "66"]
[EventDate "2003.??.??"]

1. e4 e5 2. Nf3 Nf6 3. d4 exd4 4. Bd3 d6 5. Nxd4 c5 6. Nf3 Bg4 7. O-O Qd7 8.
Bf4 Nc6 9. c3 Nh5 10. Bg5 f6 11. Be3 g5 12. h3 Bxh3 13. Nxg5 Bg4 14. Be2 Bxe2
15. Qxe2 Ng7 16. Nh3 Rg8 17. b4 O-O-O 18. bxc5 dxc5 19. Na3 Ne8 20. Nf4 Bd6 21.
Rfd1 Qg7 22. g3 Qe7 23. Qc4 Rg4 24. Nb5 Ne5 25. Qe6+ Qxe6 26. Nxe6 Rd7 27.
Nxa7+ Kb8 28. Nb5 Rxe4 29. Bxc5 Bxc5 30. Nxc5 Rxd1+ 31. Rxd1 Nf3+ 32. Kg2 Ne1+
33. Kf1 Kc8 1-0

[Event "8.HK 60 aars Jubilaeumsturnering 2003"]
[Site "Farum"]
[Date "2003.10.16"]
[Round "5"]
[White "Pedersen, Jens Kornbaek"]
[Black "Thomsen, Frode Helvig"]
[Result "0-1"]
[WhiteElo "1339"]
[BlackElo "1558"]
[PlyCount "85"]
[EventDate "2003.??.??"]

1. c4 e6 2. d4 d5 3. cxd5 exd5 4. Nc3 Nf6 5. e3 Bf5 6. Bd3 Bg6 7. Nge2 c6 8.
O-O Bd6 9. f3 Qc7 10. g3 Nbd7 11. e4 dxe4 12. fxe4 Bb4 13. Bf4 Qa5 14. a3 Bxc3
15. Nxc3 O-O 16. Bd6 Rfe8 17. e5 Nd5 18. Bxg6 hxg6 19. Qf3 f6 20. b4 Qb6 21.
Bc5 Nxc5 22. dxc5 Qd8 23. Rad1 Rxe5 24. Rd4 Qd7 25. Qd3 Qe6 26. Qxg6 Nxc3 27.
Rg4 Rg5 28. Rxg5 Qe3+ 29. Kg2 Qxg5 30. Qd3 Nd5 31. Re1 Kf7 32. Qe4 Qe5 33. Qxe5
fxe5 34. Rxe5 a5 35. h4 axb4 36. axb4 Ra2+ 37. Kh3 Rb2 38. Rf5+ Kg6 39. Rg5+
Kf6 40. Rg4 Rxb4 41. Rxb4 Nxb4 42. g4 Nd3 43. g5+ 0-1

[Event "8.HK 60 aars Jubilaeumsturnering 2003"]
[Site "Farum"]
[Date "2003.10.16"]
[Round "5"]
[White "Christoffersen, Jan"]
[Black "Nielsen, Erik"]
[Result "0-1"]
[WhiteElo "1422"]
[BlackElo "1390"]
[PlyCount "56"]
[EventDate "2003.??.??"]

1. e4 b6 2. d4 Bb7 3. Bd3 e6 4. c3 Nf6 5. Qc2 h6 6. h3 c5 7. Be3 Nc6 8. Nf3 Rc8
9. e5 Nd5 10. Qe2 cxd4 11. cxd4 Ncb4 12. Bd2 Nxd3+ 13. Qxd3 Nb4 14. Bxb4 Rc1+
15. Ke2 Rxh1 16. Be1 Qc8 17. Nc3 Bb4 18. Nb5 Bxf3+ 19. gxf3 Be7 20. Nxa7 Qb7
21. Nb5 O-O 22. f4 Ra8 23. Qg3 Qe4+ 24. Qe3 Qc2+ 25. Qd2 Rc8 26. a3 Qe4+ 27.
Kd1 Qf3+ 28. Qe2 Qb3+ 0-1

[Event "8.HK 60 aars Jubilaeumsturnering 2003"]
[Site "Farum"]
[Date "2003.10.16"]
[Round "5"]
[White "Olsen, Ole"]
[Black "Jensen, Jonbert"]
[Result "0-1"]
[WhiteElo "1179"]
[BlackElo "1291"]
[PlyCount "57"]
[EventDate "2003.??.??"]

1. e4 d6 2. Nc3 Nf6 3. Bc4 g6 4. h3 Bg7 5. b3 O-O 6. Nf3 a6 7. d4 b5 8. Be2 b4
9. Nd5 Nxe4 10. Qd3 Bf5 11. Qe3 Nc6 12. g4 e6 13. gxf5 exd5 14. fxg6 fxg6 15.
Bb2 Re8 16. Qd3 Qe7 17. Rh2 Ng5 18. Nxg5 Qxg5 19. Qg3 Qxg3 20. fxg3 Nxd4 21.
Bxd4 Bxd4 22. Rd1 Re4 23. Rd3 c5 24. Kd1 Rae8 25. Rf3 a5 26. Rf1 Bc3 27. Rf6
Bxf6 28. Bf3 Re1+ 29. Kd2 0-1

[Event "8.HK 60 aars Jubilaeumsturnering 2003"]
[Site "Farum"]
[Date "2003.10.17"]
[Round "6"]
[White "Lauritsen, Martin Lee"]
[Black "Bromann, Thorbjorn"]
[Result "0-1"]
[WhiteElo "1955"]
[BlackElo "2323"]
[PlyCount "78"]
[EventDate "2003.??.??"]

1. e4 e6 2. d4 d5 3. Nc3 Nf6 4. Bg5 Bb4 5. e5 h6 6. Bd2 Bxc3 7. bxc3 Ne4 8. Nf3
c5 9. Bb5+ Bd7 10. Qe2 O-O 11. Bxd7 Nxd7 12. O-O Qc7 13. Rfb1 Rab8 14. Be1 Rfc8
15. Rc1 Nb6 16. h4 Na4 17. c4 cxd4 18. cxd5 exd5 19. Nxd4 Qxe5 20. Nf3 Qe6 21.
Qe3 Qb6 22. Qd3 Nac3 23. a4 a5 24. Ra3 Qb2 25. Rca1 Rc4 26. Ne5 Rc7 27. f3 Nb1
28. Qb3 Qxe5 29. Rxb1 Nc5 30. Qb5 Ne6 31. Qd3 Rbc8 32. Ra2 Nf4 33. Qd2 Ne2+ 34.
Kf1 Nc3 35. Rbb2 Nxa2 36. Rxa2 Qh2 37. Qd3 Qh1+ 38. Kf2 Qxh4+ 39. Ke2 Re7+ 0-1

[Event "8.HK 60 aars Jubilaeumsturnering 2003"]
[Site "Farum"]
[Date "2003.10.17"]
[Round "6"]
[White "Rathlev, Jakob"]
[Black "Bogdanov, Dimitri"]
[Result "0-1"]
[WhiteElo "2203"]
[BlackElo "2111"]
[PlyCount "80"]
[EventDate "2003.??.??"]

1. c4 g6 2. Nc3 Bg7 3. g3 d6 4. Bg2 Nc6 5. e3 e5 6. Nge2 h5 7. h3 Nge7 8. O-O
O-O 9. d3 Nf5 10. Rb1 Be6 11. Kh2 Qe7 12. b4 a6 13. Qc2 Nh6 14. Bd2 f5 15. f4
Nd8 16. Nd5 Qf7 17. Bc3 Rb8 18. Qb2 c6 19. Nb6 Qc7 20. c5 h4 21. gxh4 Bf6 22.
Kh1 Ndf7 23. d4 Bxh4 24. dxe5 dxe5 25. fxe5 g5 26. Nd4 Rbe8 27. Nxe6 Rxe6 28.
Nc4 Qe7 29. e4 f4 30. Bf3 g4 31. hxg4 Qg5 32. Qe2 Bg3 33. Kg2 Nh8 34. Rh1 Ng6
35. Rh5 Nh4+ 36. Kh1 Qg7 37. Nd6 Nxf3 38. Qxf3 Nxg4 39. Nf5 Rxf5 40. exf5 Rh6
0-1

[Event "8.HK 60 aars Jubilaeumsturnering 2003"]
[Site "Farum"]
[Date "2003.10.17"]
[Round "6"]
[White "Andersen, Ib Hother"]
[Black "Ulrich, Jesper"]
[Result "1-0"]
[WhiteElo "2137"]
[BlackElo "2082"]
[PlyCount "67"]
[EventDate "2003.??.??"]

1. e4 g6 2. d4 Bg7 3. Nc3 c6 4. f4 d5 5. e5 h5 6. Nf3 Bg4 7. h3 Bxf3 8. Qxf3 h4
9. Be3 e6 10. Bd3 Ne7 11. O-O Nf5 12. Bf2 Bf8 13. Ne2 Nd7 14. b3 Be7 15. c4
dxc4 16. bxc4 Qc7 17. Be4 Nb6 18. Rac1 Qd7 19. Rfd1 Rd8 20. Qb3 Ng3 21. Nxg3
hxg3 22. Bxg3 g5 23. Qf3 gxf4 24. Bxf4 Rg8 25. a4 Nxa4 26. c5 Bg5 27. Bxg5 Rxg5
28. Qb3 f5 29. exf6 Nxc5 30. dxc5 Rxc5 31. Bg6+ Kf8 32. Rxd7 Rxc1+ 33. Kh2 Rxd7
34. Qxe6 1-0

[Event "8.HK 60 aars Jubilaeumsturnering 2003"]
[Site "Farum"]
[Date "2003.10.17"]
[Round "6"]
[White "Strange, Mikkel"]
[Black "Erichsen, Dan"]
[Result "1-0"]
[WhiteElo "2256"]
[BlackElo "2154"]
[PlyCount "73"]
[EventDate "2003.??.??"]

1. e4 e5 2. Nf3 Nc6 3. Bb5 a6 4. Ba4 Nf6 5. O-O Nxe4 6. d4 b5 7. Bb3 d5 8. dxe5
Be6 9. c3 Bc5 10. Nbd2 O-O 11. Bc2 Nxf2 12. Rxf2 f6 13. exf6 Bxf2+ 14. Kxf2
Qxf6 15. Kg1 Bg4 16. Nf1 Qd6 17. Ne3 Bxf3 18. gxf3 d4 19. Nf5 Qg6+ 20. Ng3 Qf6
21. Ne4 Qe7 22. cxd4 Qd7 23. Be3 Kh8 24. Nc5 Qe7 25. Be4 Rad8 26. d5 Rf6 27.
Qe2 Ne5 28. Ne6 Rxe6 29. dxe6 Qxe6 30. b3 Qf6 31. Rd1 Rf8 32. Bc5 Re8 33. Bd4
Qf4 34. Qf2 Rf8 35. Be3 Qf6 36. Qg3 h5 37. Bd4 1-0

[Event "8.HK 60 aars Jubilaeumsturnering 2003"]
[Site "Farum"]
[Date "2003.10.17"]
[Round "6"]
[White "Kongsted, Halfdan Christian"]
[Black "Mortensen, Henrik"]
[Result "0-1"]
[WhiteElo "2280"]
[BlackElo "2018"]
[PlyCount "88"]
[EventDate "2003.??.??"]

1. d4 d5 2. c4 e6 3. Nc3 Nf6 4. Nf3 c6 5. e3 Nbd7 6. Qc2 Bd6 7. g4 Nxg4 8. Rg1
Qf6 9. Be2 Nxh2 10. Nxh2 Bxh2 11. Rg2 Bd6 12. e4 Qxd4 13. Be3 Qf6 14. exd5 exd5
15. O-O-O Bf4 16. cxd5 O-O 17. Rh1 Bxe3+ 18. fxe3 g6 19. Ne4 Qg7 20. dxc6 Nf6
21. Nd6 bxc6 22. Bc4 Nd5 23. Qd2 Be6 24. e4 Nc7 25. Qf4 Rad8 26. Nf5 Bxf5 27.
exf5 Rd4 28. Qf1 Nd5 29. Bxd5 Rxd5 30. f6 Qh8 31. Rh6 Rfd8 32. Qf4 Rc5+ 33. Rc2
Rf5 34. Qxf5 gxf5 35. Rg2+ Kf8 36. Rg7 Qxg7 37. fxg7+ Kxg7 38. Rxc6 h5 39. Rc7
h4 40. Rxa7 h3 41. Ra3 Rh8 42. Rg3+ Kf6 43. Rg1 h2 44. Rh1 Kg5 0-1

[Event "8.HK 60 aars Jubilaeumsturnering 2003"]
[Site "Farum"]
[Date "2003.10.17"]
[Round "6"]
[White "Larsen, Finn (1950)"]
[Black "Auchenberg, Per"]
[Result "1-0"]
[WhiteElo "1736"]
[BlackElo "2098"]
[PlyCount "56"]
[EventDate "2003.??.??"]

1. e4 c5 2. Nc3 d6 3. g3 Nc6 4. Bg2 g6 5. d3 Bg7 6. Bd2 Rb8 7. a4 a6 8. Nf3 b5
9. axb5 axb5 10. Qc1 b4 11. Nd5 Bg4 12. c3 e6 13. Ne3 Bxf3 14. Bxf3 Nge7 15.
O-O O-O 16. Ng4 f5 17. exf5 gxf5 18. Nh6+ Kh8 19. Bh5 Ng6 20. Qe1 Qd7 21. Qe2
bxc3 22. bxc3 Rb2 23. Rfb1 Rxb1+ 24. Rxb1 f4 25. Bxg6 Bxh6 26. Qh5 Qg7 27. Be4
d5 28. Bg2 Ne5 1-0

[Event "8.HK 60 aars Jubilaeumsturnering 2003"]
[Site "Farum"]
[Date "2003.10.17"]
[Round "6"]
[White "Olsen, Miriam Frida"]
[Black "Pallesen, Jacob"]
[Result "1-0"]
[WhiteElo "1966"]
[BlackElo "2059"]
[PlyCount "83"]
[EventDate "2003.??.??"]

1. e4 c5 2. Nf3 e6 3. d4 cxd4 4. Nxd4 a6 5. Bd3 Qc7 6. O-O Nc6 7. Nxc6 bxc6 8.
Be3 d5 9. f4 Nf6 10. Nd2 Bb7 11. c3 Be7 12. e5 Nd7 13. Kh1 c5 14. b3 g6 15. Qe2
a5 16. a4 Qc8 17. Nb1 Ba6 18. Na3 Bxd3 19. Qxd3 Nb8 20. Qe2 Nc6 21. Nb5 O-O 22.
Qf2 Nd8 23. g4 f6 24. exf6 Rxf6 25. Qg2 c4 26. f5 cxb3 27. Bd4 Rf8 28. fxg6
hxg6 29. Qh3 Nf7 30. Qd3 Kh7 31. Qh3+ Kg8 32. Rae1 Qc6 33. Kg1 Bc5 34. Qd3 Kh7
35. Qh3+ Kg8 36. Qd3 Kh7 37. Qh3+ Kg8 38. Qd3 e5 39. Bxc5 Qxc5+ 40. Kh1 Rae8
41. Qxg6+ Kh8 42. Rf5 1-0

[Event "8.HK 60 aars Jubilaeumsturnering 2003"]
[Site "Farum"]
[Date "2003.10.17"]
[Round "6"]
[White "Hejberg, Carsten"]
[Black "Stolberg Rohr, Thomine"]
[Result "1/2-1/2"]
[WhiteElo "2062"]
[BlackElo "1844"]
[PlyCount "72"]
[EventDate "2003.??.??"]

1. d4 g6 2. c4 Bg7 3. Nc3 d6 4. e4 Nc6 5. Be3 e5 6. d5 Nce7 7. c5 Bd7 8. cxd6
cxd6 9. Nb5 Bxb5 10. Bxb5+ Kf8 11. Qd2 f5 12. f3 fxe4 13. fxe4 Nf6 14. Bd3 Ng4
15. Nf3 h6 16. O-O Kg8 17. Rac1 Nxe3 18. Qxe3 Kh7 19. Rc3 Qd7 20. Rfc1 Rhc8 21.
Bf1 Bf6 22. Rxc8 Rxc8 23. Rxc8 Nxc8 24. Qc3 Bd8 25. Be2 Ne7 26. Qc4 Bb6+ 27.
Kh1 Ng8 28. h3 Nf6 29. Nh2 Bd4 30. Qc2 Ne8 31. Bg4 Qc7 32. Qxc7+ Nxc7 33. b3
Nb5 34. a4 Nc3 35. Bf3 a5 36. Nf1 Nb1 1/2-1/2

[Event "8.HK 60 aars Jubilaeumsturnering 2003"]
[Site "Farum"]
[Date "2003.10.17"]
[Round "6"]
[White "Christensen, Rene Baarup"]
[Black "Skjoldager, Flemming"]
[Result "1/2-1/2"]
[WhiteElo "2020"]
[BlackElo "2123"]
[PlyCount "121"]
[EventDate "2003.??.??"]

1. d4 Nf6 2. c4 e6 3. Nc3 d5 4. cxd5 exd5 5. Bg5 Be7 6. e3 Bf5 7. Bd3 Bxd3 8.
Qxd3 c6 9. O-O-O Na6 10. Bxf6 Bxf6 11. a3 O-O 12. h4 b5 13. g4 Qa5 14. Nf3 g6
15. g5 Bg7 16. h5 b4 17. Nb1 c5 18. hxg6 fxg6 19. Rh3 cxd4 20. Nxd4 Rac8+ 21.
Nc2 Rf5 22. e4 Nc5 23. Qe3 Nxe4 24. f3 b3 25. Qxb3 Nf2 26. Rhh1 Nxh1 27. Rxh1
Qb6 28. Qxb6 axb6 29. Rf1 Rxg5 30. a4 Rg2 31. Nba3 d4 32. Rd1 Rd8 33. Nc4 d3
34. Ne1 Re2 35. Nd2 Rc8+ 36. Kb1 Rc2 37. Nxc2 dxc2+ 38. Kxc2 Bh6 39. Kd3 Rf2
40. b4 Bxd2 41. Rxd2 Rxf3+ 42. Ke4 Ra3 43. Rd6 Rxa4 44. Rxb6 Kg7 45. Ke5 h5 46.
Kf4 Kh6 47. Rb8 Ra1 48. b5 Ra4+ 49. Ke5 Kg5 50. b6 Rb4 51. Kd6 h4 52. Kc5 Rb1
53. b7 h3 54. Kc6 Kg4 55. Rh8 g5 56. b8=Q Rxb8 57. Rxb8 h2 58. Rb1 Kg3 59. Kd5
g4 60. Ke4 Kg2 61. Kf4 1/2-1/2

[Event "8.HK 60 aars Jubilaeumsturnering 2003"]
[Site "Farum"]
[Date "2003.10.17"]
[Round "6"]
[White "Skjoldan, Benjamin"]
[Black "Larsen, Knud"]
[Result "1-0"]
[WhiteElo "2104"]
[BlackElo "1830"]
[PlyCount "137"]
[EventDate "2003.??.??"]

1. c4 Nf6 2. Nc3 g6 3. g3 Bg7 4. Bg2 O-O 5. Nf3 c5 6. O-O Nc6 7. d3 e5 8. Rb1
d6 9. a3 Be6 10. Ng5 Qd7 11. Nxe6 Qxe6 12. b4 Qd7 13. Na4 cxb4 14. axb4 Rac8
15. e3 Rfd8 16. Bd2 d5 17. b5 Ne7 18. Ba5 Re8 19. Qb3 dxc4 20. dxc4 e4 21. Bc3
Qe6 22. Nb2 Rc7 23. Bd4 Nc8 24. Qa3 Nd7 25. c5 f5 26. f3 Bxd4 27. exd4 exf3 28.
Bxf3 Nf6 29. d5 Nxd5 30. Rbe1 Ne3 31. Nd1 Qc4 32. Nxe3 Qxc5 33. Qxc5 Rxc5 34.
Bxb7 Nd6 35. Bc6 Ree5 36. Nd5 Rexd5 37. Bxd5+ Rxd5 38. Re7 Nxb5 39. Rc1 Rd8 40.
Rb7 Nd6 41. Rxa7 Nf7 42. Rcc7 Rf8 43. Kf2 Kg7 44. Ke3 Kg8 45. Kd4 Rd8+ 46. Kc5
Rf8 47. h4 Kg7 48. Rd7 Kg8 49. Rac7 Kg7 50. Kd5 Kf6 51. Ra7 Rd8 52. Ra6+ Kg7
53. Rxd8 Nxd8 54. Ra7+ Kf6 55. Rxh7 Nf7 56. Kd4 Nd8 57. Rd7 Nf7 58. Kd5 Nh6 59.
Rd6+ Kf7 60. h5 Ng8 61. hxg6+ Kg7 62. Ke5 Nh6 63. Re6 Ng4+ 64. Kxf5 Nh6+ 65.
Kg5 Ng8 66. Ra6 Kh8 67. Ra7 Nh6 68. Kxh6 Kg8 69. Ra8# 1-0

[Event "8.HK 60 aars Jubilaeumsturnering 2003"]
[Site "Farum"]
[Date "2003.10.17"]
[Round "6"]
[White "Hansen, Lars Henrik Bech"]
[Black "Hansen, Alex Mehr"]
[Result "1-0"]
[WhiteElo "2090"]
[BlackElo "1771"]
[PlyCount "61"]
[EventDate "2003.??.??"]

1. e4 e5 2. Nf3 Nf6 3. d4 Nxe4 4. Bd3 d5 5. Nxe5 Be6 6. O-O Nd7 7. f4 g6 8. Nd2
Nxd2 9. Bxd2 c5 10. Bb5 cxd4 11. Nxd7 Bxd7 12. Re1+ Be7 13. Bb4 Bxb5 14. Rxe7+
Qxe7 15. Bxe7 Kxe7 16. Qxd4 Bc6 17. Re1+ Kd7 18. b4 a6 19. c4 Rhe8 20. Rd1 Rad8
21. b5 axb5 22. cxd5 Kc8 23. Qc5 Kb8 24. Rd4 Bd7 25. Qd6+ Kc8 26. Qb6 Bc6 27.
dxc6 Rxd4 28. Qxb7+ Kd8 29. c7+ Ke7 30. c8=Q+ Kf8 31. Qc5+ 1-0

[Event "8.HK 60 aars Jubilaeumsturnering 2003"]
[Site "Farum"]
[Date "2003.10.17"]
[Round "6"]
[White "Lilja, Richard"]
[Black "Hansen, Henrik Damgaard"]
[Result "1-0"]
[WhiteElo "2115"]
[BlackElo "1703"]
[PlyCount "135"]
[EventDate "2003.??.??"]

1. e4 d5 2. Nc3 d4 3. Nce2 e5 4. Ng3 Nf6 5. Nf3 Bd6 6. c3 c5 7. Bb5+ Nc6 8. O-O
O-O 9. Bxc6 bxc6 10. Qe2 a5 11. c4 Re8 12. d3 Bf8 13. h3 g6 14. Bg5 Qd6 15. Nh2
Nd7 16. Rab1 Bg7 17. Bd2 Nb8 18. Nh1 f5 19. exf5 Bxf5 20. g4 Be6 21. Ng3 Nd7
22. Nf3 Bf7 23. Ng5 h6 24. Nxf7 Kxf7 25. Ne4 Qe6 26. a4 Bf8 27. Qe1 Ra6 28. Qc1
Be7 29. Bxh6 Rh8 30. Kg2 Kg8 31. Bg5 Kg7 32. Bxe7 Qxe7 33. Qg5 Qxg5 34. Nxg5
Kf6 35. Ne4+ Ke6 36. b3 Raa8 37. f4 Raf8 38. Rbe1 Ke7 39. fxe5 Rxf1 40. Kxf1
Rxh3 41. Kg2 Rxd3 42. e6 Ne5 43. Nxc5 Re3 44. Rxe3 dxe3 45. Nb7 Nd3 46. Kf3 e2
47. Kxe2 Nc1+ 48. Kd2 Nxb3+ 49. Kc3 Nc1 50. Nxa5 Ne2+ 51. Kd3 Nf4+ 52. Ke3 Nxe6
53. Nxc6+ Kd6 54. Nd4 Nc5 55. a5 Na6 56. Nb3 Ke5 57. Nc1 g5 58. Nd3+ Kd6 59.
Ke4 Ke6 60. Kd4 Kd6 61. Nf2 Nb4 62. Ne4+ Kc7 63. Nxg5 Nc6+ 64. Kd5 Nxa5 65.
Ne6+ Kd7 66. g5 Nc6 67. Nf8+ Kc7 68. Ng6 1-0

[Event "8.HK 60 aars Jubilaeumsturnering 2003"]
[Site "Farum"]
[Date "2003.10.17"]
[Round "6"]
[White "Ohayv, Nikolaj"]
[Black "Edoo, Niels"]
[Result "0-1"]
[WhiteElo "1967"]
[BlackElo "1977"]
[PlyCount "82"]
[EventDate "2003.??.??"]

1. e4 c5 2. f4 d5 3. e5 Bf5 4. d3 e6 5. Nf3 Nc6 6. Be2 h6 7. Be3 d4 8. Bf2 Nge7
9. Nbd2 Nd5 10. g3 Be7 11. Ne4 O-O 12. O-O f6 13. exf6 Nxf6 14. Nfd2 Bh3 15.
Re1 e5 16. Nxf6+ Bxf6 17. fxe5 Nxe5 18. Bf1 Qd7 19. Bg2 Bxg2 20. Kxg2 Ng4 21.
Ne4 Bg5 22. Qe2 Rae8 23. Bg1 Be3 24. Rf1 Bxg1 25. Kxg1 b6 26. Rxf8+ Rxf8 27.
Rf1 Rxf1+ 28. Qxf1 Ne3 29. Qe2 Qa4 30. Qh5 Qd7 31. Qxh6 Qg4 32. Kf2 Qxe4 33.
Qxg7+ Kxg7 34. dxe4 Nxc2 35. h4 Nb4 36. g4 Nd3+ 37. Kf3 Nxb2 38. e5 Nc4 39. Ke4
Nxe5 40. Kxe5 d3 41. g5 Kg6 0-1

[Event "8.HK 60 aars Jubilaeumsturnering 2003"]
[Site "Farum"]
[Date "2003.10.17"]
[Round "6"]
[White "Moller, Arne Vagn"]
[Black "Thomsen, Frode Helvig"]
[Result "1-0"]
[WhiteElo "1945"]
[BlackElo "1558"]
[PlyCount "125"]
[EventDate "2003.??.??"]

1. e4 e5 2. Nf3 Nc6 3. Nc3 d6 4. d4 exd4 5. Nxd4 Nf6 6. Bb5 Bd7 7. O-O Be7 8.
Nxc6 Bxc6 9. Bxc6+ bxc6 10. Bf4 Nd7 11. Qg4 Bf6 12. Qg3 O-O 13. Rad1 Qe7 14.
Rfe1 Rfe8 15. b3 Rad8 16. Qe3 Nf8 17. f3 h5 18. h3 h4 19. a4 g5 20. Bh2 Ng6 21.
Rd3 Be5 22. Bxe5 Qxe5 23. Ne2 Rd7 24. Nd4 Ne7 25. Nf5 Nxf5 26. exf5 Qxe3+ 27.
Rdxe3 Rxe3 28. Rxe3 Kg7 29. a5 d5 30. b4 d4 31. Re8 d3 32. cxd3 Rxd3 33. Re7
Rd4 34. Rxc7 Rxb4 35. Rxc6 Rb5 36. f6+ Kg6 37. Ra6 Rb7 38. Kf2 Kf5 39. Rc6 Kf4
40. Rc4+ Kf5 41. Rc6 Rb5 42. Ra6 Rb7 43. Rc6 Ke5 44. Rc2 Kxf6 45. g3 hxg3+ 46.
Kxg3 Rb5 47. Ra2 a6 48. h4 gxh4+ 49. Kxh4 Kf5 50. Kg3 f6 51. Ra4 Re5 52. Rf4+
Ke6 53. Ra4 f5 54. Kh3 Kf6 55. Kg3 Rd5 56. Kf4 Ke6 57. Kg3 Kd6 58. Kf4 Kc6 59.
Kg5 Kb5 60. Ra1 Kb4 61. f4 Kc3 62. Kf6 Rb5 63. Ke6 1-0

[Event "8.HK 60 aars Jubilaeumsturnering 2003"]
[Site "Farum"]
[Date "2003.10.17"]
[Round "6"]
[White "Nielsen, Erik"]
[Black "Sorensen, Reto Utiger"]
[Result "0-1"]
[WhiteElo "1390"]
[BlackElo "1918"]
[PlyCount "44"]
[EventDate "2003.??.??"]

1. f4 d5 2. Nf3 c5 3. e3 Nc6 4. Bb5 Qb6 5. c4 e6 6. Nc3 a6 7. cxd5 axb5 8. dxc6
bxc6 9. O-O Nf6 10. b3 Ba6 11. Bb2 Rd8 12. Rc1 Be7 13. Rf2 Ng4 14. Rf1 Nxe3 15.
Qe1 Nxf1 16. Kxf1 Bf6 17. Ne5 O-O 18. Ne4 Be7 19. Qe3 f6 20. Nf3 b4+ 21. Kg1
Rd3 22. Nxc5 Rxe3 0-1